Mission Neighbourhood - (Re)forming Communities (Record no. 12797)

000 -LEADER
fixed length control field 00360 a2200145 4500
003 - CONTROL NUMBER IDENTIFIER
control field OSt
005 - DATE AND TIME OF LATEST TRANSACTION
control field 20240722171405.0
008 - FIXED-LENGTH DATA ELEMENTS--GENERAL INFORMATION
fixed length control field 240722b ||||| |||| 00| 0 eng d
020 ## - INTERNATIONAL STANDARD BOOK NUMBER
International Standard Book Number 9788774070047
082 ## - DEWEY DECIMAL CLASSIFICATION NUMBER
Classification number 307.1416
245 ## - TITLE STATEMENT
Title Mission Neighbourhood - (Re)forming Communities
260 ## - PUBLICATION, DISTRIBUTION, ETC. (IMPRINT)
Name of publisher, distributor, etc ‎ Arkitektens Forlag
Date of publication, distribution, etc 2024
300 ## - PHYSICAL DESCRIPTION
Extent 455p;
942 ## - ADDED ENTRY ELEMENTS (KOHA)
Source of classification or shelving scheme
Holdings
Withdrawn status Lost status Source of classification or shelving scheme Damaged status Koha normalized classification for sorting Not for loan Permanent location Current location Date acquired Source of acquisition Cost, normal purchase price Full call number Barcode Date last seen Cost, replacement price Price effective from Koha item type
        307_141600000000000   BMS College of Architecture, Design and Planning BMS College of Architecture, Design and Planning 2024-07-05 1 4063.15 307.1416 AR-UG4008 2024-07-05 5417.53 2024-07-05 B.PLAN
Copyright © 2025, The Librarian, Library and Information Centre, BMSCA D&P, Bengaluru. All Rights Reserved
web counter

Powered by Koha